000 00214 a2200085 4500
020 _a9788193261248
100 _aRATHORE, MOHABBAT SINGH
245 _aMAHARANA SANGA
260 _bPRATAP SHODH PRATISHTHAN, UDAIPUR
_c2017
999 _c223867
_d223867